[Event "CZE-chT2F 1819"]
[Site "Czech Republic"]
[Date "2018.12.16"]
[Round "5.8"]
[White "Tvrdy, Petr"]
[Black "Walowy, Bohumir"]
[Result "1/2-1/2"]
[WhiteElo "1882"]
[BlackElo "2018"]
[PlyCount "91"]
[EventDate "2018.10.14"]
[EventType "team-tourn"]
[EventRounds "11"]
[EventCountry "CZE"]
[SourceTitle "EXT 2022"]
[Source "ChessBase"]
[SourceDate "2021.10.06"]
[SourceVersion "1"]
[SourceVersionDate "2021.10.06"]
[SourceQuality "1"]
[WhiteTeam "Dobra"]
[BlackTeam "Karvina"]
[WhiteTeamCountry "CZE"]
[BlackTeamCountry "CZE"]

1. d4 d5 2. Bf4 Nf6 3. Nf3 e6 4. e3 Bd6 5. Bg5 h6 6. Bh4 0-0 7. Bd3 Nbd7 8. Nbd2 e5 9. dxe5 Nxe5 10. Nxe5 Bxe5 11. c3 c6 12. 0-0 Re8 13. Bc2 Bc7 14. Nf3 Bg4 15. Qd4 Bxf3 16. gxf3 Qd6 17. Bg3 Qd7 18. Kg2 Bxg3 19. hxg3 Qe6 20. Rh1 Nd7 21. Rh4 Ne5 22. Rah1 Qf6 23. Rf4 Qd6 24. Rfh4 c5 25. Qd2 Rad8 26. g4 Ng6 27. Rh5 d4 28. Be4 dxe3 29. Qxd6 Rxd6 30. fxe3 Rd2+ 31. Kg3 b6 32. g5 hxg5 33. Bxg6 fxg6 34. Rh8+ Kf7 35. Rxe8 Kxe8 36. Rh8+ Kf7 37. Ra8 a5 38. b3 Rxa2 39. Rb8 Rb2 40. Rxb6 a4 41. Rb5 axb3 42. Rxc5 Rc2 43. c4 b2 44. Rb5 Ke6 45. Kg4 Rg2+ 46. Kh3 1/2-1/2

[Event "CZE-chT2F 1718"]
[Site "Czech Republic"]
[Date "2018.01.28"]
[Round "7.8"]
[White "Nytra, Ondrej"]
[Black "Walowy, Bohumir"]
[Result "1/2-1/2"]
[WhiteElo "1953"]
[BlackElo "2054"]
[PlyCount "43"]
[EventDate "2017.10.15"]
[EventType "team-tourn"]
[EventRounds "11"]
[EventCountry "CZE"]
[SourceTitle "EXT 2022"]
[Source "ChessBase"]
[SourceDate "2021.10.06"]
[SourceVersion "1"]
[SourceVersionDate "2021.10.06"]
[SourceQuality "1"]
[WhiteTeam "Frydek Mistek III"]
[BlackTeam "Karvina"]
[WhiteTeamCountry "CZE"]
[BlackTeamCountry "CZE"]

1. e4 e5 2. Nf3 Nc6 3. Bb5 a6 4. Ba4 Nf6 5. 0-0 Bc5 6. Re1 b5 7. Bb3 d6 8. c3 0-0 9. d4 exd4 10. cxd4 Bb6 11. Bg5 h6 12. Bd5 Bd7 13. Bh4 g5 14. Nxg5 Nxd5 15. exd5 Nxd4 16. Qh5 Nf5 17. Re4 hxg5 18. Bxg5 f6 19. Bh6 Ng7 20. Bxg7 Kxg7 21. Rg4+ Bxg4 22. Qxg4+ 1/2-1/2

[Event "CZE-chT1E 1516"]
[Site "Czech Republic"]
[Date "2016.03.20"]
[Round "10.7"]
[White "Walowy, Bohumir"]
[Black "Skacelik, Petr"]
[Result "1/2-1/2"]
[WhiteElo "2105"]
[BlackElo "2181"]
[PlyCount "82"]
[EventDate "2015.10.11"]
[EventType "team-tourn"]
[EventRounds "11"]
[EventCountry "CZE"]
[SourceTitle "EXT 2017"]
[Source "ChessBase"]
[SourceDate "2016.10.25"]
[SourceVersion "1"]
[SourceVersionDate "2016.10.25"]
[SourceQuality "1"]
[WhiteTeam "Karvina"]
[BlackTeam "Brno Moravska Slavia"]
[WhiteTeamCountry "CZE"]
[BlackTeamCountry "CZE"]

1. e4 c5 2. Nc3 Nc6 3. g3 g6 4. Bg2 Bg7 5. d3 d6 6. Be3 e6 7. Qd2 Nge7 8. Nge2 Nd4 9. 0-0 0-0 10. f4 Rb8 11. Rf2 b5 12. a3 a5 13. Nd1 Bb7 14. g4 f5 15. gxf5 exf5 16. Bxd4 cxd4 17. Ng3 Qb6 18. Kh1 Rf7 19. a4 b4 20. b3 Rbf8 21. Nb2 Qc7 22. Raf1 Kh8 23. Ne2 Qc5 24. Ng3 Ng8 25. exf5 gxf5 26. Bxb7 Rxb7 27. Re2 Nf6 28. Nc4 Nd5 29. Nh5 Ne3 30. Nxe3 dxe3 31. Qxe3 Bd4 32. Qf3 Rc7 33. Rfe1 Qc6 34. Qxc6 Rxc6 35. Re8 Kg8 36. Rxf8+ Kxf8 37. Re2 Kf7 38. Kg2 Rc8 39. Kf3 Rg8 40. Ng3 Kf6 41. Nh5+ Kf7 1/2-1/2

[Event "CZE-chT1E 1516"]
[Site "Czech Republic"]
[Date "2016.01.31"]
[Round "7.1"]
[White "Splichal, Stanislav"]
[Black "Walowy, Bohumir"]
[Result "1/2-1/2"]
[WhiteElo "2138"]
[BlackElo "2105"]
[PlyCount "75"]
[EventDate "2015.10.11"]
[EventType "team-tourn"]
[EventRounds "11"]
[EventCountry "CZE"]
[SourceTitle "CBM 170 Extra"]
[Source "ChessBase"]
[SourceDate "2016.02.25"]
[SourceVersion "1"]
[SourceVersionDate "2016.02.25"]
[SourceQuality "1"]
[WhiteTeam "Ostrava"]
[BlackTeam "Karvina"]
[WhiteTeamCountry "CZE"]
[BlackTeamCountry "CZE"]

1. Nf3 Nf6 2. d4 d5 3. c4 dxc4 4. Qa4+ Nbd7 5. g3 e6 6. Bg2 Be7 7. 0-0 0-0 8. Qxc4 a6 9. a4 Bd6 10. a5 Qe7 11. Nc3 e5 12. d5 Re8 13. e4 Nf8 14. Bd2 Bd7 15. Rfb1 Reb8 16. b4 Ng6 17. b5 axb5 18. Nxb5 Bxb5 19. Rxb5 Nd7 20. Rab1 b6 21. axb6 Rxb6 22. Rxb6 Nxb6 23. Qc2 Nf8 24. Bh3 Nfd7 25. Be3 g6 26. Bxd7 Nxd7 27. Qc6 Ra3 28. Nd2 Kg7 29. Nc4 Rc3 30. Qb5 Bc5 31. Rc1 Rxc1+ 32. Bxc1 Bd4 33. Be3 Qc5 34. Qxc5 Nxc5 35. f3 Bxe3+ 36. Nxe3 f6 37. Nc4 Kf7 38. Kf2 1/2-1/2

[Event "CZE-chT1E 1516"]
[Site "Czech Republic"]
[Date "2015.11.29"]
[Round "4.8"]
[White "Bares, Jachym"]
[Black "Walowy, Bohumir"]
[Result "0-1"]
[WhiteElo "1940"]
[BlackElo "2105"]
[PlyCount "116"]
[EventDate "2015.10.11"]
[EventType "team-tourn"]
[EventRounds "11"]
[EventCountry "CZE"]
[SourceTitle "EXT 2017"]
[Source "ChessBase"]
[SourceDate "2016.10.25"]
[SourceVersion "1"]
[SourceVersionDate "2016.10.25"]
[SourceQuality "1"]
[WhiteTeam "Grygov"]
[BlackTeam "Karvina"]
[WhiteTeamCountry "CZE"]
[BlackTeamCountry "CZE"]

1. e4 e5 2. f4 exf4 3. Nf3 g5 4. Bc4 Bg7 5. 0-0 h6 6. d4 d6 7. g3 Nc6 8. c3 Nf6 9. gxf4 g4 10. e5 gxf3 11. exf6 Qxf6 12. Qxf3 0-0 13. Kh1 Bf5 14. Bd3 Rae8 15. Nd2 d5 16. Bxf5 Qxf5 17. Rg1 Kh8 18. Nf1 Re1 19. Ne3 Rxg1+ 20. Kxg1 Qg6+ 21. Kh1 Ne7 22. Bd2 Qd3 23. Rd1 Nf5 24. Bc1 Qb1 25. Bd2 Qd3 26. Bc1 Qb1 27. Nxd5 Nh4 28. Qd3 Qxa2 29. c4 c6 30. Nc3 Qa5 31. c5 Qd8 32. d5 cxd5 33. Nxd5 Qd7 34. Qe4 Re8 35. Qc4 Qg4 36. Qf1 Qd7 37. b4 Qf5 38. h3 Qe4+ 39. Kh2 Rd8 40. Ne3 Rxd1 41. Nxd1 Qxb4 42. Be3 Qe4 43. Qf2 Nf5 44. c6 bxc6 45. Bxa7 Kh7 46. Bc5 Bf6 47. Qd2 Nh4 48. Qf2 Nf3+ 49. Kg2 Ne1+ 50. Kg3 Nd3 51. Qe3 Nxc5 52. Qxc5 Bd4 53. Qc1 c5 54. Nf2 Qg6+ 55. Kf3 Qh5+ 56. Kg2 Qe2 57. Qb1+ Kg7 58. Qg1 Qxf2+ 0-1

[Event "CZE-chT1E 1112"]
[Site "Czech Republic"]
[Date "2011.10.02"]
[Round "1.8"]
[White "Walowy, Bohumir"]
[Black "Kolasin, Jan"]
[Result "0-1"]
[WhiteElo "2184"]
[BlackElo "2001"]
[PlyCount "48"]
[EventDate "2011.10.02"]
[EventType "team-tourn"]
[EventRounds "11"]
[EventCountry "CZE"]
[SourceTitle "EXT 2012"]
[Source "ChessBase"]
[SourceDate "2011.11.24"]
[SourceVersion "1"]
[SourceVersionDate "2011.11.24"]
[SourceQuality "1"]
[WhiteTeam "Karvina"]
[BlackTeam "Grygov II"]
[WhiteTeamCountry "CZE"]
[BlackTeamCountry "CZE"]

1. e4 e6 2. d4 d5 3. Nc3 Bb4 4. Nge2 dxe4 5. a3 Bxc3+ 6. Nxc3 Nc6 7. Bb5 Nge7 8. Be3 0-0 9. Nxe4 f5 10. Ng5 f4 11. Qd3 Ng6 12. Nxh7 Kxh7 13. Bd2 Nxd4 14. Bc4 f3 15. 0-0-0 Ne2+ 16. Kb1 Qxd3 17. Bxd3 fxg2 18. Rhe1 Nef4 19. Be4 e5 20. Bb4 Re8 21. Re3 Be6 22. Rg1 Bd5 23. Bxd5 Nxd5 24. Rh3+ Kg8 0-1

[Event "CZE-chT1E 0809"]
[Site "Czech Republic"]
[Date "2008.11.29"]
[Round "8.6"]
[White "Walowy, Bohumir"]
[Black "Adamek, Jiri"]
[Result "1/2-1/2"]
[WhiteElo "2168"]
[BlackElo "2221"]
[PlyCount "71"]
[EventDate "2008.11.08"]
[EventType "team-tourn"]
[EventRounds "11"]
[EventCountry "CZE"]
[SourceTitle "EXT 2010"]
[Source "ChessBase"]
[SourceDate "2010.11.25"]
[SourceVersion "1"]
[SourceVersionDate "2010.11.25"]
[SourceQuality "1"]
[WhiteTeam "Karvina"]
[BlackTeam "Poruba Slavoj"]
[WhiteTeamCountry "CZE"]
[BlackTeamCountry "CZE"]

1. e4 c5 2. Nc3 Nc6 3. g3 g6 4. Bg2 Bg7 5. d3 d6 6. Be3 Nd4 7. Qd2 Qa5 8. f4 e6 9. Nf3 Ne7 10. 0-0 0-0 11. Nd5 Nec6 12. Qxa5 Nxf3+ 13. Bxf3 Nxa5 14. Nc7 Rb8 15. Nb5 Nc6 16. Nxd6 Bxb2 17. Rab1 Bd4 18. Bxd4 Nxd4 19. Bd1 b6 20. c3 Nc6 21. e5 Ba6 22. Bf3 Ne7 23. Rfd1 Nf5 24. Nxf5 gxf5 25. d4 cxd4 26. cxd4 Bc4 27. Rb2 Rfd8 28. Kf2 Bd5 29. Bxd5 Rxd5 30. Rc2 Rbd8 31. Ke3 Ra5 32. Rdd2 Ra4 33. Rc3 Kg7 34. a3 Rd5 35. Rdd3 Rd7 36. Rc6 1/2-1/2

[Event "Orlova op 5th"]
[Site "Orlova"]
[Date "2008.05.22"]
[Round "6"]
[White "Walowy, Bohumir"]
[Black "Helis, Tadeusz"]
[Result "0-1"]
[WhiteElo "2168"]
[BlackElo "2336"]
[PlyCount "60"]
[EventDate "2008.05.17"]
[EventType "swiss"]
[EventRounds "9"]
[EventCountry "CZE"]
[SourceTitle "EXT 2012"]
[Source "ChessBase"]
[SourceDate "2011.11.24"]
[SourceVersion "1"]
[SourceVersionDate "2011.11.24"]
[SourceQuality "1"]

1. e4 c5 2. Nc3 e6 3. g3 d5 4. d3 Nc6 5. Bg2 Nf6 6. Nf3 d4 7. Ne2 Be7 8. 0-0 0-0 9. h3 b6 10. g4 Bb7 11. Ng3 Nd7 12. Bf4 Rc8 13. Qe2 Re8 14. e5 Nf8 15. Ne4 Ng6 16. Bg3 Nb4 17. a3 Nd5 18. Qd2 f5 19. exf6 gxf6 20. Nh4 Nxh4 21. Bxh4 f5 22. Bxe7 Rxe7 23. gxf5 exf5 24. Qg5+ Rg7 25. Qxf5 Qc7 26. Ng3 Ne3 27. Qe6+ Kh8 28. Bxb7 Qxb7 29. fxe3 Rxg3+ 30. Kf2 Qg2+ 0-1

[Event "Orlova op 5th"]
[Site "Orlova"]
[Date "2008.05.21"]
[Round "5"]
[White "Walowy, Bohumir"]
[Black "Walach, Marcin"]
[Result "0-1"]
[WhiteElo "2168"]
[BlackElo "2412"]
[PlyCount "90"]
[EventDate "2008.05.17"]
[EventType "swiss"]
[EventRounds "9"]
[EventCountry "CZE"]
[SourceTitle "EXT 2012"]
[Source "ChessBase"]
[SourceDate "2011.11.24"]
[SourceVersion "1"]
[SourceVersionDate "2011.11.24"]
[SourceQuality "1"]

1. e4 e5 2. Nf3 Nc6 3. Bc4 Nf6 4. d3 Bc5 5. Nc3 a6 6. Bg5 h6 7. Bxf6 Qxf6 8. Nd5 Qd8 9. c3 Ba7 10. d4 d6 11. dxe5 Nxe5 12. Nxe5 dxe5 13. Qh5 0-0 14. Qxe5 Re8 15. Qf5 Qd6 16. Qf3 Be6 17. 0-0-0 Qe5 18. Qg3 Qxg3 19. hxg3 c6 20. Nc7 Bxc4 21. Nxa8 Rxa8 22. b3 Be6 23. f4 f5 24. e5 Bc5 25. Rd3 a5 26. Rhd1 Be7 27. Kb2 b5 28. R1d2 a4 29. Rd1 axb3 30. axb3 Ra3 31. b4 Ra2+ 32. Kb1 Rxg2 33. R1d2 Rxd2 34. Rxd2 g5 35. Rh2 Kg7 36. Kc2 Bc4 37. Rh1 Kg6 38. Ra1 gxf4 39. gxf4 h5 40. Kd2 h4 41. Ra8 Bd5 42. Ke3 c5 43. Ra6+ Kg7 44. Ra7 Kf8 45. Rd7 Be4 0-1

[Event "Orlova op 5th"]
[Site "Orlova"]
[Date "2008.05.17"]
[Round "1"]
[White "Walowy, Bohumir"]
[Black "Kwiatkowski, Zygmunt"]
[Result "1-0"]
[WhiteElo "2168"]
[BlackElo "1603"]
[PlyCount "49"]
[EventDate "2008.05.17"]
[EventType "swiss"]
[EventRounds "9"]
[EventCountry "CZE"]
[SourceTitle "EXT 2012"]
[Source "ChessBase"]
[SourceDate "2011.11.24"]
[SourceVersion "1"]
[SourceVersionDate "2011.11.24"]
[SourceQuality "1"]

1. e4 g6 2. d4 Bg7 3. Nc3 c6 4. Be3 d5 5. f3 e6 6. Qd2 Nd7 7. 0-0-0 Nb6 8. h4 Bd7 9. h5 gxh5 10. Rxh5 h6 11. Rh2 Qe7 12. Nh3 0-0-0 13. Nf4 Be8 14. Nh5 f6 15. Nxg7 Qxg7 16. Bd3 h5 17. Ne2 e5 18. Qa5 Kb8 19. dxe5 Qc7 20. exf6 Nc8 21. Bf4 Nd6 22. Qxc7+ Kxc7 23. e5 Nf7 24. e6+ Nd6 25. f7 1-0

[Event "Orlova op 4th"]
[Site "Orlova"]
[Date "2007.05.27"]
[Round "9"]
[White "Pilch, Roman"]
[Black "Walowy, Bohumir"]
[Result "1-0"]
[WhiteElo "1902"]
[BlackElo "2155"]
[PlyCount "97"]
[EventDate "2007.05.19"]
[EventType "swiss"]
[EventRounds "9"]
[EventCountry "CZE"]
[SourceTitle "EXT 2012"]
[Source "ChessBase"]
[SourceDate "2011.11.24"]
[SourceVersion "1"]
[SourceVersionDate "2011.11.24"]
[SourceQuality "1"]

1. Nf3 Nf6 2. g3 d6 3. d4 Nbd7 4. b3 g6 5. Bb2 Bg7 6. h3 0-0 7. Bg2 c6 8. 0-0 Re8 9. Nbd2 Qc7 10. e4 Nf8 11. Qe2 e5 12. dxe5 dxe5 13. Nc4 N8d7 14. Rfd1 b5 15. Nd6 Re6 16. Qd2 Bf8 17. Ba3 Nxe4 18. Nxe4 Bxa3 19. b4 a5 20. c3 Kg7 21. Nd6 Nb6 22. Ng5 Re7 23. Ngxf7 Be6 24. Nxe5 Bd5 25. Bxd5 Nxd5 26. Nxc6 Qxc6 27. Qxd5 Qxd5 28. Rxd5 axb4 29. cxb4 Bxb4 30. Nxb5 Re2 31. a4 Rb2 32. Nc7 Rc8 33. Rd7+ Kh6 34. Rf7 Ba5 35. Ne6 Bb6 36. h4 Kh5 37. Rxh7+ Kg4 38. Rf7 Rxf2 39. Rxf2 Kxg3 40. Ra3+ Kxh4 41. Kg2 Bxf2 42. Kxf2 g5 43. a5 g4 44. Nf4 g3+ 45. Kf3 Rf8 46. a6 g2 47. Kxg2 Rxf4 48. a7 Rg4+ 49. Kf2 1-0

[Event "Orlova op 4th"]
[Site "Orlova"]
[Date "2007.05.26"]
[Round "8"]
[White "Walowy, Bohumir"]
[Black "Matusiak, Marcin"]
[Result "1/2-1/2"]
[WhiteElo "2155"]
[BlackElo "1943"]
[PlyCount "112"]
[EventDate "2007.05.19"]
[EventType "swiss"]
[EventRounds "9"]
[EventCountry "CZE"]
[SourceTitle "EXT 2012"]
[Source "ChessBase"]
[SourceDate "2011.11.24"]
[SourceVersion "1"]
[SourceVersionDate "2011.11.24"]
[SourceQuality "1"]

1. d4 d5 2. Nc3 Nf6 3. Bg5 e6 4. e4 dxe4 5. Nxe4 Be7 6. Bxf6 Bxf6 7. Nf3 0-0 8. c3 b6 9. Bd3 Bb7 10. Qc2 Nd7 11. 0-0-0 Qe7 12. h4 Rac8 13. Kb1 c5 14. dxc5 bxc5 15. Nd6 Rb8 16. Bxh7+ Kh8 17. Be4 Bxe4 18. Nxe4 Rfd8 19. g4 Ne5 20. g5 Nxf3 21. gxf6 gxf6 22. Rxd8+ Qxd8 23. Ng5 fxg5 24. hxg5+ Nh2 25. Rxh2+ Kg7 26. Qh7+ Kf8 27. Qh8+ Ke7 28. Qf6+ Kd6 29. Qxd8+ Rxd8 30. f4 Kc6 31. Kc2 a5 32. Rd2 Rh8 33. Kd3 Rh1 34. Ke3 Ra1 35. b3 Rc1 36. c4 a4 37. Rd3 Rc2 38. Rd2 Rc3+ 39. Ke4 axb3 40. axb3 Rxb3 41. Ke5 Re3+ 42. Kf6 Rf3 43. Kxf7 Rxf4+ 44. Kxe6 Rxc4 45. Rg2 Re4+ 46. Kf5 Re8 47. g6 c4 48. g7 Rg8 49. Kf6 Kd5 50. Kf7 Rc8 51. g8Q Rxg8 52. Rxg8 c3 53. Rg1 Kc4 54. Ke6 c2 55. Ke5 Kc3 56. Ke4 Kb2 1/2-1/2

[Event "Orlova op 4th"]
[Site "Orlova"]
[Date "2007.05.20"]
[Round "2"]
[White "Walowy, Bohumir"]
[Black "Cervenka, Roman"]
[Result "1-0"]
[WhiteElo "2155"]
[BlackElo "1979"]
[PlyCount "119"]
[EventDate "2007.05.19"]
[EventType "swiss"]
[EventRounds "9"]
[EventCountry "CZE"]
[SourceTitle "EXT 2012"]
[Source "ChessBase"]
[SourceDate "2011.11.24"]
[SourceVersion "1"]
[SourceVersionDate "2011.11.24"]
[SourceQuality "1"]

1. e4 e5 2. Nf3 Nc6 3. Bc4 Bc5 4. d3 h6 5. c3 Nf6 6. 0-0 d6 7. h3 0-0 8. b4 Bb6 9. a4 a6 10. Nbd2 Be6 11. Bxe6 fxe6 12. Nc4 Ba7 13. Be3 Bxe3 14. Nxe3 Qd7 15. Qe2 Qf7 16. Nh2 Ne7 17. Ra2 Ng6 18. g3 Nh7 19. a5 Ng5 20. h4 Nf3+ 21. Nxf3 Qxf3 22. Qxf3 Rxf3 23. Kg2 Raf8 24. c4 c6 25. b5 cxb5 26. cxb5 axb5 27. Rb1 R3f7 28. Rxb5 Rd8 29. Rab2 Ra8 30. Nc4 Ra6 31. Rxb7 Rxb7 32. Rxb7 d5 33. exd5 exd5 34. Rb6 Ra7 35. Nd2 Kf7 36. a6 Ne7 37. Nf3 e4 38. Ne5+ Kg8 39. Rb7 exd3 40. Kf3 Rxa6 41. Rxe7 Rf6+ 42. Ke3 d2 43. Kxd2 Rxf2+ 44. Ke3 Rg2 45. Kf3 Rd2 46. Re8+ Kh7 47. h5 Rh2 48. Kg4 Re2 49. Kf5 d4 50. Rd8 Rh2 51. Kg4 g5 52. Rd7+ Kg8 53. Kf5 Kf8 54. g4 Rf2+ 55. Kg6 Re2 56. Kf5 Rf2+ 57. Ke6 Re2 58. Rxd4 Re3 59. Rd7 Re4 60. Rh7 1-0

[Event "Karvina op"]
[Site "Karvina"]
[Date "2006.07.??"]
[Round "1"]
[White "Lipus, Drahomir"]
[Black "Walowy, Bohumir"]
[Result "0-1"]
[WhiteElo "1540"]
[BlackElo "2148"]
[PlyCount "48"]
[EventDate "2006.07.??"]
[EventType "swiss"]
[EventRounds "7"]
[EventCountry "CZE"]
[SourceTitle "EXT 2008"]
[Source "ChessBase"]
[SourceDate "2007.11.25"]
[SourceVersion "1"]
[SourceVersionDate "2007.11.25"]
[SourceQuality "1"]

1. d4 d5 2. c4 dxc4 3. Nf3 Nf6 4. Nc3 a6 5. a4 Nc6 6. e3 Bg4 7. Bxc4 e6 8. 0-0 Bb4 9. Be2 0-0 10. Na2 Bd6 11. Nc3 Re8 12. e4 Bxf3 13. Bxf3 Nxd4 14. Kh1 e5 15. Be3 Bc5 16. Rb1 Qd6 17. Na2 a5 18. Nc1 Rad8 19. Nb3 Bb6 20. Bd2 Nxb3 21. Qxb3 Qxd2 22. Rbd1 Qb4 23. Qc2 Rd4 24. b3 Red8 0-1

[Event "CZE-chT2f 0506"]
[Site "Czech Republic"]
[Date "2006.03.26"]
[Round "10.7"]
[White "Merta, Vlastimil"]
[Black "Walowy, Bohumir"]
[Result "1/2-1/2"]
[WhiteElo "1921"]
[BlackElo "2114"]
[PlyCount "80"]
[EventDate "2005.10.16"]
[EventType "team"]
[EventRounds "11"]
[EventCountry "CZE"]
[SourceTitle "EXT 2009"]
[Source "ChessBase"]
[SourceDate "2008.11.26"]
[SourceVersion "1"]
[SourceVersionDate "2008.11.26"]
[SourceQuality "1"]

1. e4 e5 2. Nf3 Nc6 3. Bb5 a6 4. Bxc6 dxc6 5. 0-0 Bd6 6. d4 exd4 7. Qxd4 f6 8. Re1 Ne7 9. e5 fxe5 10. Nxe5 0-0 11. Qc4+ Nd5 12. Nc3 Qf6 13. Nf3 Qf7 14. Nxd5 cxd5 15. Qh4 Qg6 16. Qg5 Bf5 17. Qxg6 Bxg6 18. c3 Rae8 19. Rxe8 Rxe8 20. Be3 h6 21. b4 a5 22. a3 Ra8 23. Rc1 axb4 24. axb4 Be4 25. Nd2 Bd3 26. Nf3 Kf7 27. Bd4 Be4 28. Nd2 Bf4 29. Be3 Bxe3 30. fxe3 Bd3 31. Nb3 b6 32. Ra1 Rxa1+ 33. Nxa1 Ke6 34. Kf2 Kd6 35. Nb3 c5 36. bxc5+ bxc5 37. Nd2 Kc6 38. Kf3 Kb5 39. Kf4 Bh7 40. Ke5 Kc6 1/2-1/2

[Event "CZE-chT2f 0506"]
[Site "Czech Republic"]
[Date "2006.03.12"]
[Round "9.7"]
[White "Walowy, Bohumir"]
[Black "Albertovic, Lukas"]
[Result "1-0"]
[WhiteElo "2114"]
[BlackElo "2040"]
[PlyCount "65"]
[EventDate "2005.10.16"]
[EventType "team"]
[EventRounds "11"]
[EventCountry "CZE"]
[SourceTitle "EXT 2009"]
[Source "ChessBase"]
[SourceDate "2008.11.26"]
[SourceVersion "1"]
[SourceVersionDate "2008.11.26"]
[SourceQuality "1"]

1. e4 e5 2. Nf3 Nc6 3. Bc4 Nf6 4. d3 Bc5 5. Nc3 0-0 6. 0-0 d6 7. Bg5 Be6 8. Nd5 Bxd5 9. Bxd5 Ne7 10. Bxb7 Rb8 11. Ba6 Rxb2 12. Bc4 Rb6 13. Bxf6 gxf6 14. Nh4 f5 15. Nxf5 Nxf5 16. exf5 d5 17. Bb3 Rh6 18. Qf3 c6 19. Qg3+ Kh8 20. Qxe5+ f6 21. Qf4 Rh5 22. Qf3 Rg5 23. Rae1 Rfg8 24. g3 Qc7 25. Kg2 h5 26. Re6 Bd4 27. c3 Bxc3 28. Rc1 h4 29. Rxc3 hxg3 30. hxg3 Qh7 31. Rc1 Rxf5 32. Re7 Rxf3 33. Rxh7+ 1-0

[Event "CZE-chT1 East 0506"]
[Site "Czech Republic"]
[Date "2006.01.22"]
[Round "6.6"]
[White "Walowy, Bohumir"]
[Black "Mrva, Marek"]
[Result "0-1"]
[WhiteElo "2115"]
[BlackElo "2179"]
[PlyCount "70"]
[EventDate "2005.10.23"]
[EventType "team"]
[EventRounds "11"]
[EventCountry "CZE"]
[SourceTitle "EXT 2008"]
[Source "ChessBase"]
[SourceDate "2007.11.25"]
[SourceVersion "1"]
[SourceVersionDate "2007.11.25"]
[SourceQuality "1"]

1. e4 c5 2. Nc3 Nc6 3. g3 e6 4. Bg2 Nf6 5. f4 d6 6. d3 Rb8 7. h3 Qc7 8. a4 a6 9. Nf3 Be7 10. 0-0 0-0 11. g4 Nd7 12. f5 Nde5 13. Nxe5 Nxe5 14. g5 Qd8 15. Qh5 exf5 16. exf5 Bxf5 17. Rxf5 g6 18. Qh6 gxf5 19. Nd5 Kh8 20. Bd2 Rg8 21. h4 Bf8 22. Qh5 Bg7 23. Rf1 Qd7 24. Ne3 Qxa4 25. b3 Qd4 26. Rxf5 Rbe8 27. Be4 Nxd3 28. cxd3 Rxe4 29. dxe4 Qxd2 30. Ng4 Qd4+ 31. Kf1 Qxe4 32. Rxf7 Re8 33. Nf2 Qe6 34. Rxb7 Rf8 35. Ra7 Qf5 0-1

[Event "Orlova op 3rd"]
[Site "Orlova"]
[Date "2006.??.??"]
[Round "4"]
[White "Walowy, Bohumir"]
[Black "Sieber, Martin"]
[Result "0-1"]
[WhiteElo "2114"]
[BlackElo "2017"]
[PlyCount "54"]
[EventDate "2006.06.??"]
[EventType "swiss"]
[EventRounds "9"]
[EventCountry "CZE"]
[SourceTitle "EXT 2008"]
[Source "ChessBase"]
[SourceDate "2007.11.25"]
[SourceVersion "1"]
[SourceVersionDate "2007.11.25"]
[SourceQuality "1"]

1. e4 d5 2. exd5 Nf6 3. c4 c6 4. d4 cxd5 5. Nc3 Nc6 6. Bg5 e6 7. Nf3 Be7 8. Bd3 0-0 9. 0-0 dxc4 10. Bxc4 a6 11. Re1 b5 12. Bd3 Bb7 13. a3 g6 14. Bc2 Nd5 15. Bxe7 Ncxe7 16. Ne4 Nf4 17. Qd2 Bxe4 18. Bxe4 Ned5 19. Rac1 Rc8 20. Rxc8 Qxc8 21. g3 Nh5 22. Bxd5 exd5 23. Rc1 Qf5 24. Ne5 Nf6 25. Rc7 Rc8 26. Nxf7 Qb1+ 27. Kg2 Rxc7 0-1

[Event "CZE-chT1 East 0506"]
[Site "Czech Republic"]
[Date "2005.11.27"]
[Round "3.4"]
[White "Walowy, Bohumir"]
[Black "Bazant, Petr Sr"]
[Result "1/2-1/2"]
[WhiteElo "2114"]
[BlackElo "2310"]
[PlyCount "73"]
[EventDate "2005.10.23"]
[EventType "team"]
[EventRounds "11"]
[EventCountry "CZE"]
[SourceTitle "EXT 2008"]
[Source "ChessBase"]
[SourceDate "2007.11.25"]
[SourceVersion "1"]
[SourceVersionDate "2007.11.25"]
[SourceQuality "1"]

1. e4 c5 2. Nc3 Nc6 3. g3 g6 4. Bg2 Bg7 5. d3 d6 6. Be3 Bd7 7. Qd2 b5 8. f4 b4 9. Nd1 Nf6 10. h3 0-0 11. Ne2 Qc8 12. g4 Ne8 13. f5 e6 14. Bh6 exf5 15. gxf5 Qd8 16. 0-0 Ne5 17. Qf4 f6 18. Bxg7 Nxg7 19. fxg6 hxg6 20. Ne3 g5 21. Qh2 Rf7 22. Rf2 Be6 23. Raf1 Qe7 24. Nf5 Bxf5 25. exf5 Qd8 26. Bxa8 Qxa8 27. Qg2 d5 28. Ng3 Rd7 29. Re1 Qb8 30. Rff1 a5 31. Qf2 a4 32. b3 a3 33. Kg2 Qd6 34. Qe2 Qc6 35. Kh2 Qd6 36. Kg2 Qc6 37. Kh2 1/2-1/2